01319nam a22003257a 4500003000500000005001700005008004100022010001000063011001000073035001000083040000900093090001000102100003900112245011700151260004300268300001900311502009700330590003700427590004100464590004200505650002900547650002500576901000700601942000900608949004300617949005500660999001700715952013300732952012800865CHAP20220329140939.0971013s1989 r 00010 d a60239 a61211 a65375 cCHAP aTesis00aSarabia Caballero, Miguel.9102605 aMorfología externa del ácaro de la roña del cocotero Aceria guerreronis Keifer (Prostigmata : Eriophyidae) aCd. Juárez, Chih. :bEl autor,c1989 a88 h.b: ilus. aTesis (Ing. Agr. Esp. en Entomología) --Escuela Superior de Agricultura "Hermanos Escobar" aALEPHb10c20130110lUCH01h1339 aBATCH-UPDb10c20130110lUCH01h0618 aCONVERSIONb10c20130109lUCH01h133214aAceria guerreronis.948514aCocoxPlagas.924262 aBK cFOLL bBCcTESd-145815eTS1h29114i65375si bBCcTESd33724000179206eTS2fc.2h29115i65375si c60239d60239 00102local4053708TESISaBCbBCcPA_TESISd2019-12-31fTESISl0p33724000179206r2019-12-31 00:00:00tc.2w2019-12-31yTESIS 00102local4051708TESISaBCbBCcPA_TESISd2019-12-31fTESISl0oTesisp-145815r2019-12-31 00:00:00w2019-12-31yTESIS